[Event "Innsbruck op 4th"]
[Site "Innsbruck"]
[Date "2020.08.23"]
[Round "3"]
[White "Erwin Casero, Daniel"]
[Black "Kruckenhauser, Arthur"]
[Result "0-1"]
[WhiteElo "1967"]
[BlackElo "2233"]
[PlyCount "64"]
[EventDate "2020.08.22"]
[EventType "swiss"]
[EventRounds "9"]
[EventCountry "AUT"]
[SourceTitle "CBM 198 Extra"]
[Source "ChessBase"]
[SourceDate "2020.11.30"]
[SourceVersion "1"]
[SourceVersionDate "2020.11.30"]
[SourceQuality "1"]

1. e4 c5 2. Nf3 d6 3. d4 cxd4 4. Nxd4 Nf6 5. Nc3 g6 6. Be3 Bg7 7. f3 0-0 8. Qd2 Nc6 9. Bc4 Bd7 10. 0-0-0 Rc8 11. Bb3 Nxd4 12. Bxd4 b5 13. e5 dxe5 14. Bxe5 Bc6 15. Qe1 Qb6 16. Bd4 Qb7 17. Kb1 a5 18. a3 Rfe8 19. h4 e5 20. Be3 b4 21. axb4 axb4 22. Na4 Bxa4 23. Bxa4 Re6 24. Qd2 Ra6 25. b3 h5 26. Rhe1 Ra5 27. Qf2 Nd5 28. Kb2 Qc7 29. Qd2 e4+ 30. Bd4 Bxd4+ 31. Qxd4 Qxc2+ 32. Ka1 Rca8 0-1

[Event "Bodensee op"]
[Site "Bregenz"]
[Date "2019.05.25"]
[Round "1"]
[White "Erwin Casero, Daniel"]
[Black "Kolbus, Dietmar"]
[Result "1/2-1/2"]
[WhiteElo "1825"]
[BlackElo "2278"]
[PlyCount "60"]
[EventDate "2019.05.25"]
[EventType "swiss"]
[EventRounds "9"]
[EventCountry "AUT"]
[SourceTitle "CBM 190 Extra"]
[Source "ChessBase"]
[SourceDate "2019.07.15"]
[SourceVersion "1"]
[SourceVersionDate "2019.07.15"]
[SourceQuality "1"]

1. e4 c5 2. Nf3 a6 3. Nc3 d6 4. d4 cxd4 5. Nxd4 Nf6 6. Be3 e5 7. Nb3 Be6 8. f3 h5 9. Qd2 Nbd7 10. 0-0-0 Qc7 11. Kb1 Be7 12. Nd5 Nxd5 13. exd5 Bf5 14. Bd3 Bxd3 15. Qxd3 Rc8 16. f4 Qc4 17. Qxc4 Rxc4 18. Nd2 Rc7 19. Nf3 Bf6 20. Rhe1 0-0 21. c3 Rfc8 22. Re2 Re8 23. Bd4 e4 24. Rde1 Bxd4 25. Nxd4 Nf6 26. Nf5 Rd7 27. Ne3 Rde7 28. Nf5 Rd7 29. Ne3 Rde7 30. Nf5 Rd7 1/2-1/2

[Event "AUT-ch U14"]
[Site "St Veit"]
[Date "2016.05.17"]
[Round "7"]
[White "Erwin Casero, Daniel"]
[Black "Prato, Simon"]
[Result "0-1"]
[WhiteElo "1704"]
[BlackElo "1936"]
[PlyCount "66"]
[EventDate "2016.05.14"]
[EventType "swiss"]
[EventRounds "7"]
[EventCountry "AUT"]
[SourceTitle "CBM 172 Extra"]
[Source "ChessBase"]
[SourceDate "2016.06.21"]
[SourceVersion "1"]
[SourceVersionDate "2016.06.21"]
[SourceQuality "1"]

1. e4 c5 2. Nf3 d6 3. d4 Nf6 4. Nc3 cxd4 5. Nxd4 e5 6. Bb5+ Nbd7 7. Nf5 a6 8. Be2 Nc5 9. Ng3 b5 10. b4 Ne6 11. Nf5 Bb7 12. Nxb5 axb5 13. Bxb5+ Nd7 14. Nxd6+ Bxd6 15. Qxd6 Qc7 16. Bxd7+ Qxd7 17. Qxe5 0-0 18. 0-0 Rfc8 19. c3 Qd3 20. Bb2 Qc2 21. Rfb1 Rxa2 22. c4 Rxa1 23. Rxa1 Qxc4 24. Re1 Qxb4 25. Re2 Rc2 26. Qb8+ Nf8 27. Qxb7 Qxb7 28. Rxc2 Qxe4 29. Rc1 h6 30. h3 Ng6 31. g3 h5 32. Rd1 Kh7 33. Rd4 Qb1+ 0-1